00334nam a2200121Ia 450000500170000000800410001708200140005810000180007224500310009026000340012130000090015565000480016420240814115843.0240813s9999||||xx |||||||||||||| ||und|| a745.5 STI aStimson, W.A. 0aCrafts for school and home aSydneybAustralia Asianc1959 a235p aArts, Crafts, Music, Sports and Recreations